Normal view
MARC view
Entry Personal Name
001 - CONTROL NUMBER
- control field: 17161
003 - CONTROL NUMBER IDENTIFIER
- control field: BD-RjUL
005 - DATE AND TIME OF LATEST TRANSACTION
- control field: 20251012152011.0
008 - FIXED-LENGTH DATA ELEMENTS
- fixed length control field: 251012|| aca||aabn | a|a d
040 ## - CATALOGING SOURCE
- Original cataloging agency: BD-RjUL
- Transcribing agency: BD-RjUL
100 ## - HEADING--PERSONAL NAME
- Personal name: Naziz Ahmed
670 ## - SOURCE DATA FOUND
- Source citation: Work cat.: (BD-RjUL)85841: Naziz Ahmed, رویائے صادقہ، انبیاء علیہم السلام کے خواب اور ان کی فضیلت و اہمیت ;; royaye sadqah, anbia aliham alsalam ke khwab or an ki fazilt w ahamiyat/